| 000 | 00446cam a22001217a 4500 | ||
|---|---|---|---|
| 008 | 180718b xxu||||| |||| 00| 0 eng d | ||
| 082 | _aT112x54111 Ar84d/1970-84 | ||
| 245 |
_aState domestic product of Arunachal Pradesh _cby Directorate of Economics & Statistics |
||
| 260 |
_aShillong _bGovernment of Arunachal Pradesh _c |
||
| 300 | _av.p. | ||
| 500 | _aContents: 1980-81 to1993-94 | ||
| 700 | _aArunachal Pradesh. Directorate of Economics & Statistics | ||
| 999 |
_c496823 _d496823 |
||